| 000 -LEADER |
| fixed length control field |
00973pam a2200325 i 4500 |
| 001 - CONTROL NUMBER |
| control field |
021839330 |
| 003 - CONTROL NUMBER IDENTIFIER |
| control field |
UkOxU |
| 005 - DATE AND TIME OF LATEST TRANSACTION |
| control field |
20230908110403.0 |
| 008 - FIXED-LENGTH DATA ELEMENTS--GENERAL INFORMATION |
| fixed length control field |
190502s2019 enka 6 000|1|eng|d |
| 015 ## - NATIONAL BIBLIOGRAPHY NUMBER |
| National bibliography number |
GBB9B5454 |
| Source |
bnb |
| 016 7# - NATIONAL BIBLIOGRAPHIC AGENCY CONTROL NUMBER |
| Record control number |
019452552 |
| Source |
Uk |
| 020 ## - INTERNATIONAL STANDARD BOOK NUMBER |
| International Standard Book Number |
9780241391846 (hbk.) |
| 035 ## - SYSTEM CONTROL NUMBER |
| System control number |
(Uk)019452552 |
| 040 ## - CATALOGING SOURCE |
| Original cataloging agency |
StDuBDS |
| Language of cataloging |
eng |
| Description conventions |
rda |
| Transcribing agency |
StDuBDS |
| Modifying agency |
Uk |
| -- |
KH8 |
| 042 ## - AUTHENTICATION CODE |
| Authentication code |
ukblcatcopy |
| 082 04 - DEWEY DECIMAL CLASSIFICATION NUMBER |
| Classification number |
741.5 ORW |
| Edition number |
23 |
| 100 1# - MAIN ENTRY--PERSONAL NAME |
| Personal name |
Orwell, George, |
| Dates associated with a name |
1903-1950, |
| Relator term |
author. |
| 245 10 - TITLE STATEMENT |
| Title |
Animal farm : |
| Remainder of title |
the graphic novel / |
| Statement of responsibility, etc. |
George Orwell ; illustrated by Odyr. |
| 264 #1 - PRODUCTION, PUBLICATION, DISTRIBUTION, MANUFACTURE, AND COPYRIGHT NOTICE |
| Place of production, publication, distribution, manufacture |
London : |
| Name of producer, publisher, distributor, manufacturer |
Penguin Classics, |
| Date of production, publication, distribution, manufacture, or copyright notice |
2019. |
| 300 ## - PHYSICAL DESCRIPTION |
| Extent |
175 pages : |
| Other physical details |
chiefly illustrations ; |
| Dimensions |
28 cm |
| 336 ## - CONTENT TYPE |
| Content type term |
text |
| Source |
rdacontent |
| 336 ## - CONTENT TYPE |
| Content type term |
still image |
| Source |
rdacontent |
| 337 ## - MEDIA TYPE |
| Media type term |
unmediated |
| Source |
rdamedia |
| 338 ## - CARRIER TYPE |
| Carrier type term |
volume |
| Source |
rdacarrier |
| 655 #0 - INDEX TERM--GENRE/FORM |
| Genre/form data or focus term |
Allegories. |
| 655 #0 - INDEX TERM--GENRE/FORM |
| Genre/form data or focus term |
Graphic novels. |
| 700 0# - ADDED ENTRY--PERSONAL NAME |
| Personal name |
Odyr, |
| Relator term |
artist. |
| 776 08 - ADDITIONAL PHYSICAL FORM ENTRY |
| Relationship information |
ebook version : |
| International Standard Book Number |
9780241391884 |
| 942 ## - ADDED ENTRY ELEMENTS (KOHA) |
| Source of classification or shelving scheme |
|
| Koha item type |
Teaching Resources |